00593 a2200157 4500010001400000020002600014035001300040037001500053082001400068100002100082245013700103260004600240270010200286300002800388500001900416 aENG-88312 a9788175346130c850.00 aEN-71845 bDBAD / PUB14a343.54087 aVarshney, Neeraj1 aAnti-dumping measures under the WTO regime:cby Neeraj Varshneyblaw, practice & procedure with special emphasis on Indian case-law/ aNew DelhibUniversal Law Publishingc2007 aC-FF-1A, Dilkhush Induatrial Estate, Opp. Hans Cinema, G. T. Karnal Raod, AzadpurbDelhie110 033 axxxv, 592p.c24cm ( Hb) aIncludes index